000
00271nam a2200121Ia 4500
005
20250603145118.0
008
250603s9999 xx 000 0 und d
050
_a
KD 623 .Z9/
100
_a
Muhammad abu zuhra
245
0
_a
Ijsul Al-fiqh
300
_a
415 p
942
_c
BK
999
_c
40908
_d
40908